000 00361 a2200145 4500
001 171102
020 _a
040 _cMagnum
100 _a-
240 1 0 _aRevista de educacao aec/linguagem e constituicao da identidade
_lpor
245 1 0 _aRevista de educacao aec/linguagem e constituicao da identidade
362 0 _a1899
697 _aENSINO
942 _cBK
999 _c171102
_d171102